000
00225nmm a2200085Ia 4500
008
220120s9999||||xx |||||||||||||||||und||
100
_a
DIGIT-JUNE-2006
_9
10910
245
0
_a
Microsoft monster truck madness 2
260
_b
New Delhi
999
_c
138887
_d
138887